Poèmes
Zapisane w:
| 1. autor: | |
|---|---|
| Format: | Książka |
| Język: | hiszpański francuski |
| Wydane: |
Valparaíso
Tutuguri
2000
|
| Seria: | Biblioteca de Voces
|
| Hasła przedmiotowe: | |
| Etykiety: |
Dodaj etykietę
Nie ma etykietki, Dołącz pierwszą etykiete!
|
MARC
| LEADER | 00000nam a2200000 a 4500 | ||
|---|---|---|---|
| 001 | UCN0967 | ||
| 003 | CL-VaPUC | ||
| 008 | 010406e20000000CL |||||||||||||||||spa|d | ||
| 041 | 0 | 7 | |a spa |2 CL-VaPUC |
| 041 | 0 | 7 | |a fre |2 CL-VaPUC |
| 082 | 0 | 4 | |a 841 |b RIM |2 21 |
| 100 | 0 | |a Rimbaud, Jean Nicolas Arthur |e author |9 269466 | |
| 245 | 1 | 0 | |a Poèmes |
| 246 | 1 | 0 | |a Poemas |
| 300 | |a Pág. irreg | ||
| 942 | |c BK | ||
| 945 | |d 20010406 00:00:00 |a vberengu | ||
| 260 | |a Valparaíso |b Tutuguri |c 2000 | ||
| 500 | |a Incluye cd | ||
| 650 | 0 | |a Poesías francesas |9 265467 | |
| 650 | 0 | |a Literatura francesa |9 266330 | |
| 650 | 7 | |a SIMBOLISMO EN LA LITERATURA |2 CL-VaPUC |9 268713 | |
| 583 | |a last modification |c 20010406 00:00:00 |k Rodrigo Vera | ||
| 490 | 0 | |a Biblioteca de Voces | |
| 999 | |c 294577 |d 294575 | ||
| 952 | |0 0 |1 0 |4 0 |6 841_000000000000000_RIM_2000 |7 0 |8 F |9 347087 |a BIBARQ |b BIBARQ |d 2019-11-20 |i 3735605 |o 841 RIM 2000 |p 3735605 |r 2025-01-20 |w 2019-11-20 |y BK_F |k ARQ | ||